|
|
|
|
| LEADER |
01009nam a2200265 a 4500 |
| 001 |
30116 |
| 003 |
BD-DhAAL |
| 005 |
20151031115333.0 |
| 008 |
151031s2002 nyua 000 f eng d |
| 010 |
|
|
|a 2002282417
|
| 020 |
|
|
|a 0471443883
|
| 035 |
|
|
|a (OCoLC)ocm48194875
|
| 040 |
|
|
|a UKM
|c UKM
|d DPL
|d DLC
|d BD-DhAAL
|
| 050 |
0 |
0 |
|a HD38.7
|b .H53 2000
|
| 082 |
0 |
0 |
|a 658.4/063
|2 21
|
| 100 |
1 |
|
|a Hickman, Craig R.
|9 15850
|
| 245 |
1 |
3 |
|a An innovator's tale :
|b a new perspectives for accelerating creative breakthroughs /
|c Craig Hickman.
|
| 260 |
|
|
|a New York :
|b Wiley,
|c c2002.
|
| 300 |
|
|
|a 229 p. :
|b ill. ;
|c 22 cm.
|
| 541 |
|
|
|e 30116
|
| 650 |
|
0 |
|a Business intelligence
|v Fiction.
|9 15851
|
| 650 |
|
0 |
|a Executive ability
|v Fiction.
|9 15852
|
| 942 |
|
|
|2 ddc
|c BK
|
| 999 |
|
|
|c 35970
|d 35970
|
| 952 |
|
|
|0 0
|1 0
|2 ddc
|4 0
|6 658_406300000000000_INN
|7 0
|9 56525
|a BRACUL
|b BRACUL
|c GEN
|d 2015-10-31
|e BIL
|l 0
|o 658.4063 INN
|p 3010030116
|r 2015-10-31
|t 1
|w 2015-10-31
|y BK
|x Koha Inventory 2020 ; Previously missing book recovered on 06 November 2025.
|